|
|
|
|
| LEADER |
01547nab#a2200337#ar4500 |
| 001 |
000073786 |
| 003 |
SVKKK |
| 005 |
20040212xxxxxxx. |
| 008 |
06 c xo huno |
| FMT |
|
|
|
| 038 |
|
|
|a SVKKK
|
| 040 |
|
|
|a SVKKK
|b slo
|e AACR2
|
| 041 |
0 |
|
|a hun
|
| 044 |
|
|
|a xo
|c SK
|
| 080 |
|
|
|a 284.2
|
| 080 |
|
|
|a 396:061.2
|
| 242 |
1 |
0 |
|a Cirkevné voľby a voľby predstavenstva spolku žien
|
| 245 |
0 |
0 |
|a Egyházi és nőegyleti választások
|
| 500 |
|
|
|a mikrofilm
|
| 520 |
2 |
|
|a Správa o voľbách v kalvínskej cirkvi v Humennom v novembri roku 1909. Za kurátora bol menovaný učiteľ drevárskej priemyslovky Július (Gyula) Édes a za presbytera Karol (Károly) Mendly - riaditeľ hore menovanej školy. * Za tajomníkov Humenského ženského dobročinného spolku boli menovaní: Alexander Böszörményi (kalvínsky farár) a Štefan Urban (rímskokatolícky kaplan).
|
| 650 |
0 |
4 |
|a Humenský dobročinný ženský spolok - voľby - tajomník čestný (funkcia) - Böszörményi, Alexander (farár kalvínsky) - tajomník (funkcia) - Urban, Štefan (kaplan rímskokatolícky) - november 1909 - správy
|
| 650 |
0 |
4 |
|a cirkev evanjelická reformovaná (kalvíni) - Humenné - voľba kurátora - Édes, Július (učiteľ stredoškolský) - presbyter (hodnosť) - Mendly, Karol (riaditeľ stredoškolský)
|
| 773 |
0 |
|
|t Felvidéki Hirlap
|g Roč. 2, č. 48 (28.11.1909) s. 2
|
| 957 |
|
|
|a Humenné
|
| 958 |
|
|
|a CI
|
| 958 |
|
|
|a DG
|
| 958 |
|
|
|a SK
|
| 974 |
|
|
|a Ba
|d 20040212
|
| 992 |
|
|
|a RBX
|
| BAS |
|
|
|
| 998 |
|
|
|a RETRO
|